000 004850000a22001810004500
020 _a958-9061-85-0
041 0 _aSPA
082 0 4 _aG 303.686 G215u
100 1 _aGarcía, Clara Inés
245 1 0 _aUrabá : Región, actores y conflicto 1960-1990 / Clara Inés García
260 _aBogotá, Colombia : CEREC
300 _a288 Pag
001 9361
942 _cBK
999 _c39400
_d39400
336 _atexto
_btxt
_2rdacontent
337 _2rdamedia
_asin mediación
_bn
338 _2rdacarrier
_avolumen
_bnc